000 01041nam a22002297a 4500
005 20250612113627.0
008 250612b |||||||| |||| 00| 0 eng d
020 _a9788177024357 (hbk) (Set)
037 _cREF
040 _aCRL
_cCRL
041 _2san
_asan
084 _aQ2:4x 152Q9.1-.2
_qCRL
245 _aअष्टादशस्मृति:
260 _aदिल्ली, भारत:
_bप्रतिभा प्रकाशन,
_c2019.
300 _aभाग 1 (1पृ.-318पृ.), भाग 2 (320पृ.-664पृ.)
365 _b2500.00
_cINR
440 _vभाग 1 - 2
650 _aधर्म
700 _aशुक्ल, राधेश्याम
_eसंपादक
_9812695
942 _2CC
_cREF
_hQ2:4x 152Q9.1-.2
_n0
999 _c1431637
_d1431637